[Event "Andorra op 27th"]
[Site "Arinsal"]
[Date "2009.07.22"]
[Round "5"]
[White "Vernay, Clovis"]
[Black "Marin, Mihail"]
[Result "0-1"]
[WhiteElo "2463"]
[BlackElo "2583"]
[Annotator "Marin,M"]
[PlyCount "56"]
[EventDate "2009.07.18"]
[EventType "swiss"]
[EventRounds "9"]
[EventCountry "AND"]
[SourceTitle "CBM 131 Extra"]
[Source "ChessBase"]
[SourceDate "2009.09.03"]
[SourceVersion "2"]
[SourceVersionDate "2009.09.16"]
[SourceQuality "1"]

1. d4 Nf6 2. c4 c5 3. d5 d6 4. Nc3 g6 5. e4 Bg7 6. Bd3 e5 $5 {Once the bishop
has been developed to d3, there will be less pressure against the black knight
after ...Nh5, which justifies this early blocking of the centre. When I
decided to include this variation in my repertoire some time ago, I was
inspired by the games given in the comments to the 8th move. It is important
to delay castling, in order to be able to meet g4 (sustained by either f3 or
h3) with ...h5!} 7. Nge2 a6 8. a3 {This came as a slight surprise. I had not
seen games in which Bd3 and Nge2 is followed by the standard queenside attack.}
(8. h3 Nbd7 9. Be3 (9. g4 h5 $1 $132) 9... Nh5 (9... O-O 10. g4 $1 $40) 10. Qd2
O-O 11. g4 Nf4 12. Nxf4 exf4 13. Bxf4 Ne5 14. Be2 b5 $1 $132 {Flohr,S-Larsen,B/
Copenhagen 1966 (0-1, 40). A perfect illustration of Black's huge dynamic
potential.}) (8. O-O Nh5 9. Be3 O-O 10. Qd2 Nd7 11. g4 Nf4 12. Nxf4 exf4 13.
Bxf4 Ne5 14. f3 Rb8 15. a4 f5 16. exf5 gxf5 17. g5 Bd7 18. Kh1 Qa5 19. Be2 Rbe8
{White is a pawn up, but both his wings are weak and Black has good practical
chances.} 20. Rf2 Qc7 21. h4 Ng6 22. h5 Nxf4 23. Qxf4 Re7 24. Rg2 Be8 25. g6 h6
26. Bd3 Re5 27. Re2 Rxe2 28. Bxe2 Qe7 29. Bd3 Bd7 30. Kg2 Re8 $44 {Knaak,R 
(2515)-Schmidt,W (2500)/Polanica Zdroj 1974/MCD (1/2, 41)}) 8... Nbd7 9. b4 (9.
f3 {is somewhat inconsequent.} h5 (9... O-O 10. g4 $1) ({I find} 9... Nh5 $5
$132 {more logical}) 10. Be3 h4 11. Qd2 Rb8 12. b4 Qc7 13. O-O Nh5 14. Rac1 b6
15. Rc2 O-O 16. g4 hxg3 17. hxg3 cxb4 18. axb4 f5 19. Kg2 Nxg3 20. Nxg3 f4 21.
Bf2 fxg3 22. Bxg3 Nf6 23. Ne2 Nh5 $132 {Littleton,M-Diez del Corral,J/The
Hague 1966/EXT 1998 (0-1, 48)}) 9... O-O 10. O-O b6 ({Here is another example
of a pawn sacrifice provoked by g4:} 10... Nh5 11. Qc2 b6 12. g4 Nf4 13. Nxf4
exf4 14. Bxf4 Qf6 15. Ne2 Ne5 16. Bxe5 Qxe5 $44 17. f4 $2 Qe7 $1 18. Rae1 Bxg4
$17 {Berg Jensen,J-Ribbegren,C/Oslo 2000/CBM 076 ext (0-1, 52)}) 11. Rb1 Nh5
12. Qc2 $5 {White prevents ...f5 and Black has no easy way to renew the threat.
However, he has other ways to get kingside counterplay.} (12. Bc2 Nf4 $132) (
12. Be3 f5 (12... Nf4 $5 {is also worth considering.}) 13. f3 (13. exf5 gxf5
14. f4 Nxf4 15. Bxf4 exf4 16. Qd2 Ne5 17. Nxf4 Qg5 $132) 13... f4 14. Bf2 g5
15. Bc2 Nhf6 {The e2-knight stands badly, not being able to stop Black's
attack in any way. However, White's queenside action is also fast.} 16. Ba4 Qe8
17. Bc6 Ra7 18. Qa4 Qg6 19. Nb5 axb5 $1 20. Qxa7 g4 21. Kh1 gxf3 22. gxf3 Nxe4
$36) 12... Qf6 $1 $146 {I had no idea that this was a novelty. In such closed
positions, with infinite transpositional possibilities, it is more important
to think in terms of plans, rather than concrete moves.} (12... Qc7 $6 {
is too passive, but eventually proved successful after a rather chaotic game.}
13. Be3 Ra7 14. bxc5 bxc5 15. Rb3 Qd8 16. Qd1 Qh4 17. Qc1 Qd8 18. Qd2 (18. Qc2
$14) 18... f5 $1 19. exf5 gxf5 $13 20. f4 $2 e4 21. Bc2 Nb6 $17 {Chan,
H-Cuellar Gacharna,M (2395)/Caracas 1973/EXT 2000 (0-1, 44)}) 13. Na4 {[%csl
Gb6]} Nf4 14. bxc5 ({Black's position seems to resist to immediate attempts to
break it:} 14. Nxf4 exf4 15. Bb2 Qg5 16. Bxg7 Kxg7 17. Nxb6 Nxb6 18. bxc5 Nd7
19. cxd6 Nc5 20. Qc3+ f6 {/\Bh3, /\Qe5}) 14... bxc5 15. Bd2 h5 $1 {It is not
very clear yet whether White's attack will succeed, but Black's practical task
is rather easy: he has no better move than this inclusion his h-pawn in the
attack.} 16. Rb3 ({It is dangerous to release the pressure against the f4-pawn
for the sake of improving the position of the e2-knight:} 16. Nc1 h4 17. Nb3
Bh6 18. Na5 h3 19. g3 Nxd3 20. f3 $8 (20. Qxd3 Bxd2 21. Qxd2 Qf3 $19) 20... Nf4
$17) 16... h4 17. Qc1 ({Moves such as} 17. Nxf4 {have to permanently be taken
into account, although they give up the control of the e5-square.} exf4 18. Be2
Qg5 $5 19. Qc1 Be5 $13) 17... Bh6 18. g3 Rb8 $5 {I played this move quickly,
partly relying on my opponent's time trouble.} (18... Nxd3 $1 19. Rxd3 Bxd2 20.
Qxd2 Rb8 {Black has occupied the b-file and has good prospects on the kingside,
too.} 21. Qh6 hxg3 22. hxg3 Qg7 $15) 19. Rc3 $6 {After this move, Black gets a
strong attack.} (19. Rxb8 $1 Nxd3 20. Qd1 $3 {This move was overlooked by both
players.} (20. Qc2 Qf3) 20... Bxd2 (20... Qf3 21. Bxh6 h3 22. Nf4 $1) 21. Rb3
Qf3 22. Nec3 Qxd1 23. Rxd1 Ne1 $13) 19... Nb6 $1 (19... Nh3+ 20. Kg2 Bxd2 21.
Qxd2 Nb6 $1 22. Nxb6 Ng5 {is another possible move order.}) 20. Nxb6 (20. Nxf4
Nxa4 21. Nh5 gxh5 22. Bxh6 Nxc3 23. Bxf8 Bh3 24. Qh6 Qxh6 25. Bxh6 Bxf1 $19)
20... Nh3+ 21. Kg2 Bxd2 22. Qxd2 Ng5 $17 {The white king is under strong
attack and the minor pieces cannot provide a reliable defence.} 23. f4 (23. Ng1
Bh3+ $1 24. Kh1 Rxb6 $17) (23. f3 Bh3+ $17) 23... Bh3+ 24. Kf2 (24. Kg1 Bxf1
25. fxg5 (25. Nd7 Nf3+ 26. Kf2 Qe7 27. Kxf3 Qxd7 $19) 25... Qf3 26. Nf4 Bxd3
27. Rxd3 Qg4 $19) 24... Rxb6 25. Re1 Bg4 26. Ng1 (26. Bc2 Rb2) 26... exf4 27.
gxf4 Qd4+ 28. Kf1 (28. Re3 Nxe4+ $1) (28. Kg2 h3+ 29. Kg3 (29. Kh1 Bf3+) 29...
Nxe4+ 30. Rxe4 Qxg1+ 31. Kh4 Kg7 $19 {Actually, it is a pity that White did
not allow this variation...}) 28... Qxg1+ $1 0-1

[Event "Chess Champions League"]
[Site "Vitoria Gasteiz"]
[Date "2007.11.08"]
[Round "1"]
[White "Kasimdzhanov, Rustam"]
[Black "Nisipeanu, Liviu Dieter"]
[Result "1/2-1/2"]
[WhiteElo "2690"]
[BlackElo "2668"]
[Annotator "Marin,M"]
[PlyCount "54"]
[EventDate "2007.11.02"]
[EventType "tourn"]
[EventRounds "10"]
[EventCountry "ESP"]
[EventCategory "19"]
[SourceTitle "CBM 121"]
[Source "ChessBase"]
[SourceDate "2007.11.14"]
[SourceVersion "1"]
[SourceVersionDate "2007.11.14"]
[SourceQuality "1"]

1. d4 Nf6 2. c4 c5 3. d5 e5 4. Nc3 d6 5. e4 Be7 6. g3 O-O 7. Bg2 Nbd7 8. Nge2 {
An ambitious setup. By leaving the f-pawn unblocked, White intends to meet
Black's planned ...f5 with f4, which could cause Black some problems with his
development. However, the knight's placement on e2 is not always favourable;
sometimes he will have to spend two tempi on the manoeuvre Nc1-d3. On the
other hand, after Nf3 White would most surely play Ne1-d3, which implies the
same investment of time.} a6 {Black is in no hurry to carry out the standard
kingside plan.} ({In my opinion, this is a wise attitude, as the following
game of mine has taught me:} 8... Ne8 9. O-O g6 10. Bh6 (10. Be3 {is less
ambitious.} Ng7 11. Qd2 f5 12. f3 Nf6 13. Kh1 Bd7 14. a4 a6 15. Qd3 Qc7 {
Black has almost completed his development and has little to fear.} 16. Bg1 $6
g5 $1 {And now, he becomes active.} 17. exf5 Nxf5 18. f4 exf4 19. gxf4 g4 $1
$132 {Portisch,L (2536)-Nisipeanu,L (2679)/Mainz 2005/CBM 107 ext (1/2-1/2, 43)
}) 10... Ng7 11. f4 $1 {A well-timed move.} (11. Qd2 {would offer Black the
tempo he is needing to carry out his desired regroupment:} Nf6 12. h3 Kh8 13.
Rae1 Ng8 14. Be3 f5 {True, after} 15. f4 $1 {he is still a few steps away from
equality, mainly because his queenside is undeveloped yet.} Bf6 16. Kh2 b6 17.
a3 a6 {These are typical moves, aiming to activate the queen's rook along the
seventh rank. If this is necessary, it is clear that it would be preferable to
do it before initiating active kingside operations, as will actually happen in
our main game.} 18. fxe5 Bxe5 19. Nf4 $14 {Grigorov,G (2400)-Popov,L (2313)/
Sunny Beach 2005/CBM 108 ext (1-0, 35). The knight has become active without
the necessity of time consuming regrouping.}) 11... exf4 12. gxf4 f5 13. exf5
Rxf5 (13... gxf5 14. Qd3 Nf6 15. Ng3 Ng4 16. Bxg7 Kxg7 17. Rae1 $14) 14. Ng3 $1
(14. Bh3 $6 Rh5 $1 $15) 14... Rf8 15. Bh3 $1 $32 {[%cal Gh3e6] I must admit
that I had overlooked this simple move during my previous home preparation.} ({
Curiously, in a later game White refrained from it, too.} 15. Qc2 Nf6 16. h3
Rf7 17. Bxg7 Kxg7 18. f5 Nd7 19. fxg6 Rxf1+ 20. Rxf1 hxg6 $132 {[%cal Gd7e5,
Ge7h4]} 21. Nh5+ $5 $11 gxh5 22. Rf7+ Kxf7 23. Qh7+ Kf8 {1/2-1/2 Marcelin,C 
(2493)-Bacrot,E (2709)/France 2007/CBM 118 ext}) 15... Nb6 16. Bxc8 Rxc8 17.
Qd3 Bf6 18. Rae1 Rc7 19. b3 Nc8 20. Nce4 $16 {Aloma Vidal,R (2350)-Marin,M 
(2537)/Barcelona 2005/CBM 108 ext (1/2-1/2, 53). White is much better
developed and the weakness of the e6-square causes Black lots of troubles.}) 9.
a4 ({White probably feared that} 9. O-O {would be met by} b5 $5 ({The attempt
to prepare ...b5 in optimal form is slow and inefficient.} 9... Rb8 10. a4 Ne8
11. h3 b6 12. b3 Nc7 13. Qd3 Bf6 14. Be3 Re8 15. Ra2 Nf8 16. Rb1 {[%cal Gb3b4]}
a5 17. Rf1 $14 {Forintos,G (2450)-Ciocaltea,V (2465)/Bar 1977/EXT 99 (0-1, 50)}
) 10. cxb5 Qa5 11. bxa6 Bxa6 {[%cal Gf8b8,Ge7d8,Gc5c4,Gd7c5,Gc5d3] , when the
e2-knight stands badly, indeed. Compared with a genuine Benkö Gambit, Black
does not have an active dark-squared bishop, but his stability in the centre 
(no e4-e5 available) leaves him free hands for increasing the queenside
pressure. Since this has never been played, we cannot give a definitive
evaluation to the final position, but it is obvious that Black has plenty of
ideas.}) 9... b6 10. O-O Ne8 11. Kh1 {Waiting for the h6-square to become
available for the bishop.} (11. f4 {is premature because after} exf4 12. gxf4
Ra7 $1 (12... g6 13. Ng3 Ng7 14. e5 $1 {[%csl Ra8]}) 13. Ng3 g6 {[%cal Ge8g7,
Gf7f5] the absence of the bishop from h6 makes the threat ...f5 much stronger
than in my game against Aloma.} 14. f5 {[%csl Ge5]} Bg5 $11) ({It is
interesting to follow a recent game of Nisipeanu's second:} 11. Be3 {This is a
slightly premature commitment of the bishop.} Nc7 ({Actually, I assume that
Nisipeanu would have preferred} 11... g6 {, as in the main game.}) 12. Ra3 {
Since play will be opened on the kingside, it is not too wise to disconnect
rooks. The pressure against the b6-pawn is bearable for Black.} Rb8 13. Rb3 Bg5
14. f4 Bh6 15. Qd3 Kh8 16. Kh1 Qe8 17. Nb1 exf4 18. gxf4 f5 $132 19. Ng3 fxe4
20. Nxe4 Qe7 21. Nbd2 Ne8 22. Ng5 Ndf6 23. Ndf3 g6 24. Nh4 Bxg5 25. fxg5 Ng4
26. Bf4 Ng7 27. Kg1 Kg8 28. h3 Ne5 29. Qe2 Nh5 $36 {Olarasu,G (2274)-Vajda,A 
(2459)/Felix Spa 2007/CBM 118 ext (0-1, 69). White's offensive has left a lot
of weak squares.}) (11. Qc2 {is also some sort of early commitment. The queen
belongs on d2 (after Bh6, of course).} Rb8 12. Ra3 Kh8 13. Bd2 g6 14. Rb1 Ng7
15. b4 f5 16. b5 a5 17. Rf1 Bg5 18. f3 Bxd2 19. Qxd2 f4 20. Bh3 (20. gxf4 exf4
21. Nxf4 Ne5 {[%csl Rc4]}) 20... g5 21. Bxd7 Bxd7 22. g4 Rf6 {1/2-1/2 Heinbuch,
D (2380)-Junge,R (2315)/Germany 1987/GER-chT. If anything, only Black can be
better here.}) 11... g6 ({Maybe he could have waited one-two more moves with,
say,} 11... Ra7 $5 {for instance} 12. Qc2 Kh8 $5 13. Rb1 {(White's last two
moves might seem a bit "cooperative", but I feel it is not easy to find
anything significantly better.} g6 14. Bh6 Ng7 15. f4 exf4 16. gxf4 Nf6 $1 {
[%cal Gf6g4] Now, Black is optimally prepared for this structure.} 17. h3 Ng8
18. Bxg7+ Kxg7 19. e5 Qc7 $1 {[%csl Ge5]}) 12. Bh6 Ng7 13. Qd2 {Probably too
slow.} ({The critical question is what should Black do after} 13. f4 exf4 14.
gxf4 $14 {. I do not see an entirely satisfactory continuation.}) 13... Nf6 {
[%cal Gf6g4] Now, Black is just in time to regroup.} 14. f3 (14. f4 Ng4 15.
Bxg7 Kxg7 16. h3 Nh6 17. fxe5 (17. Rae1 exf4 18. gxf4 Bh4 19. Rd1 Ra7 $13)
17... dxe5 $11 {[%cal Gf7f6,Gh6f7,Gf7d6]}) 14... Bd7 15. Rab1 Rb8 {[%cal Gb6b5]
} 16. b4 Qc7 {[%csl Rc4]} 17. b5 a5 18. Nc1 Nfh5 $5 (18... Kh8 19. Nd3 Ng8 20.
Be3 f5 21. f4 $14) 19. Nd3 {Quite peaceful.} ({White could have picked up the
gauntlet and grabbed the pawn with} 19. g4 Nf4 20. Bxf4 exf4 21. Qxf4 {Black's
control on the dark squares offers him some compensation, but White's huge
advantage in space is an important factor, too, espacially in case of
simplifications.} f5 22. exf5 gxf5 23. g5 $1 {With the knight on g6 and the
bishop on g7, Black would be doing fine, but here his pieces are not too well
placed and radical measures are required.} h6 $1 (23... Nh5 24. Qh4 $1 Be8 25.
Nd3 $14) 24. gxh6 (24. h4 Nh5 25. Qh2 f4 $36) 24... Nh5 {[%csl Rh4]} 25. Qd2
Kh7 $132 {[%cal Gf8g8,Ge7f6]}) 19... f5 $132 20. f4 {This leads to
simplifications and equality.} (20. exf5 gxf5 21. f4 e4 22. Nf2 {[%cal Gf2d1,
Gd1e3,Gg3g4] would be slightly more consistent, but with only one wing under
tension, Black should be able to hold his own.}) 20... exf4 21. Nxf4 Nxf4 22.
Bxf4 Rbe8 $11 23. exf5 Bxf5 24. Rbe1 Bf6 25. Ne4 Bxe4 26. Bxe4 Be5 27. Bg5
Rxf1+ 1/2-1/2

[Event "WchT 12th"]
[Site "Astana"]
[Date "2019.03.07"]
[Round "3.6"]
[White "Sevian, Samuel"]
[Black "McShane, Luke J"]
[Result "1/2-1/2"]
[WhiteElo "2642"]
[BlackElo "2661"]
[Annotator "McShane,L"]
[PlyCount "74"]
[EventDate "2019.03.05"]
[EventType "team-tourn"]
[EventRounds "9"]
[EventCountry "KAZ"]
[SourceTitle "CBM 189"]
[Source "ChessBase"]
[SourceDate "2019.04.29"]
[SourceVersion "1"]
[SourceVersionDate "2019.04.29"]
[SourceQuality "1"]
[WhiteTeam "United States"]
[BlackTeam "England"]
[WhiteTeamCountry "USA"]
[BlackTeamCountry "ENG"]

{I very much enjoyed this fighting draw against a talented young opponent.} 1.
d4 Nf6 2. c4 c5 3. d5 e5 4. Nc3 d6 5. e4 Be7 6. g3 O-O ({At the World Rapid
Championships in 2017, I delayed castling, which also led to an interesting
game.} 6... Na6 7. Bg2 Nc7 8. Nge2 h5 $5 9. h3 h4 10. g4 Nd7 {with an unclear
middlegame, 0-1 (52) Moiseenko,A (2667)-McShane,L (2640) Riyadh KSA 2017}) 7.
Bg2 Na6 8. Nge2 Nc7 9. f4 Nd7 10. f5 $5 {Quite an ambitious idea, grabbing
space on both sides of the board.} b5 {I felt it was important to strike out
with a Benko-style gambit before White had time to consolidate the space
advantage.} 11. cxb5 a6 12. bxa6 Bxa6 (12... Bg5 {is an interesting
alternative. On positional grounds, it is desirable to exchange the
dark-squared bishops. However, it costs some time, and the bishop on c1 hasn't
even moved yet. In the back of my mind, I also noted that the Be7 could hold
up a later f5-f6 advance, and might even become a strong piece (as occurred
later in the game).}) 13. h4 Rb8 $5 {When I found this unusual method of
sacrificing the exchange, I couldn't resist giving it a try.} 14. O-O Rb4 15.
Rb1 Rd4 16. Qe1 (16. Nxd4 exd4 17. Ne2 Ne5 {looked like wonderful compensation,
and I don't care that my engine contradicts me!}) 16... Bd3 17. Ra1 {Now what?
The rook on d4 is all very well, but the other pieces need to be brought into
play. It's amusing to note that my engine advises moving the rook back to b4,
but I didn't consider that.} Na6 18. a3 {Preventing the knight coming to b4,
at the cost of a weakness on b3.} c4 $5 {It wasn't an easy decision to untie
the rook from its moorings. But all Black's minor pieces will get good
outposts.} 19. Be3 Nac5 $6 {This was a bit optimistic, as I underestimated how
dangerous White's knight could be on c6} (19... Bf6 {was a better way to
continue} 20. Qf2 Nac5 21. Nxd4 exd4 22. Bxd4 Bxf1 23. Rxf1 {and Black has
good compensation for a couple of pawns.}) 20. Bxd4 ({Capturing with the
knight is more natural, but then Black can use the b3 square:} 20. Nxd4 exd4
21. Bxd4 Nb3 22. Qf2 Bxf1 23. Rxf1 Nxd4 24. Qxd4 Bf6 25. Qxc4 Qb6+ {with
promising compensation for the pawns.}) 20... exd4 21. Nxd4 Bf6 (21... Bxf1 22.
Nc6 Qe8 {is not really in the spirit of the position.}) 22. Nc6 Qb6 23. Rf2 Ne5
24. Nxe5 $6 (24. a4 {is the move I was concerned about during the game} Nxc6 (
24... Ng4 25. a5 {is quite annoying}) 25. dxc6 Bd4 26. Kh2 {and White has the
better of it.}) 24... Bxe5 25. Qe3 Rb8 26. Bf1 Qd8 27. f6 $5 {A clever
counter-sacrifice. Black was threatening Qd8-f6, so this takes away that
square and prepares to return an exchange on d3.} (27. Rd1 Qf6 28. Qg5 (28.
Bxd3 $2 Bd4 $1) 28... Bd4 {remains quite unclear}) 27... Bxf6 28. Rd1 Rb3 29.
Bxd3 Nxd3 30. Rxd3 cxd3 31. Qxd3 Bxc3 {Allowing White an interesting chance to
unbalance the game} (31... Qb6 32. Kg2 Rxb2 33. Rxb2 Qxb2+ 34. Ne2 g6 {was a
safe option. It seems that White's king is too exposed to have hopes of
exploiting the extra a-pawn.}) 32. bxc3 (32. e5 $5 dxe5 (32... Qc8 $5) 33. bxc3
Rxa3 34. d6 {is promising for White, although that's far from clear to human
eyes.}) 32... Qc8 33. Qf3 (33. Rc2 Rxa3 {and since White's king and pawns are
all a bit loose, Black has little to worry about.}) 33... f6 34. Qf5 Qxf5 35.
exf5 Rxc3 36. Kg2 (36. Ra2 {was the last chance to play for a win} Rxg3+ 37.
Kf2 Rd3 38. a4 Rxd5 39. a5 Rxf5+ 40. Ke3 Rc5 41. a6 Rc8 42. a7 Ra8 43. Kd4 g5 {
should end in a draw once Black gives up the rook.}) 36... Rxa3 37. Rb2 Ra5 {
White will give perpetual check.} 1/2-1/2

[Event "Metz op 30th"]
[Site "Metz"]
[Date "2012.04.23"]
[Round "4"]
[White "Bernadskiy, Vitaliy"]
[Black "Eingorn, Vereslav S"]
[Result "1-0"]
[WhiteElo "2464"]
[BlackElo "2569"]
[Annotator "Metz Alekhine/Primel,D"]
[PlyCount "31"]
[EventDate "2012.04.14"]
[EventType "swiss"]
[EventRounds "9"]
[EventCountry "FRA"]
[SourceTitle "EXT 2013"]
[Source "ChessBase"]
[SourceDate "2012.11.22"]
[SourceVersion "1"]
[SourceVersionDate "2012.11.22"]
[SourceQuality "1"]

1. d4 Nf6 2. c4 c5 3. d5 e5 {La Benoni classique qui se joue moins а haut
niveau} 4. Nc3 d6 5. e4 (5. g3 {[%cal Gf1h3]}) 5... Be7 6. Nge2 a6 7. f3 {
Une ligne secondaire} (7. Ng3 g6 8. Bd3 h5 {[%cal Gh5h4]} 9. a3 Nh7 10. Nf1 Bg5
11. Ne3 Nd7 12. Bd2 O-O 13. Qe2 Rb8 14. g3 Ndf6 15. h4 Bh6 16. f3 Kh8 17. O-O-O
Bd7 18. a4 Ng8 19. Rdf1 Qe8 20. b3 f5 21. f4 exf4 22. gxf4 fxe4 23. Nxe4 Qe7
24. Rhg1 Be8 25. f5 Ngf6 26. Ng5 gxf5 27. Ne6 Rg8 28. Nxf5 Bxd2+ 29. Qxd2 {
1-0 (29) Aleksandrov,A (2654)-Hickl,J (2602) Kallithea 2002}) 7... Nh5 8. Be3
Nd7 (8... Bg5 9. Bf2 O-O 10. h4 Be7 11. g4 Nf4 12. Qd2 Nxe2 13. Bxe2 Bd7 14. g5
f5 15. exf5 Bxf5 16. Bd3 Qd7 17. Qc2 Bxd3 18. Qxd3 Qf5 19. Qxf5 Rxf5 20. Ke2
Nd7 21. Be3 Nf8 22. a4 Ng6 23. Ne4 Raf8 24. Rh3 Nf4+ 25. Bxf4 Rxf4 26. Ra3 Rd8
27. Rb3 Rd7 28. Rb6 Kf8 29. Kf2 h6 30. Kg3 Kf7 31. Rh1 Ke8 32. b4 cxb4 33. Rxb4
Kd8 34. Rhb1 Kc8 35. Rb6 Bf8 36. R1b3 Be7 37. c5 dxc5 38. d6 {Kopeikin,Y (2163)
-Karimov,Z (2090) Ufa 2007 1/2-1/2}) 9. Qd2 h6 $11 {[%cal Ge7g5]} 10. g4 (10.
O-O-O b5) 10... Bh4+ 11. Kd1 {Le centre étant fermé, la perte du roque n'est
pas trop dangereuse} Nhf6 12. Ng3 {[%cal Gg3f5]} g6 13. Qc2 Nh7 (13... Bg5) 14.
Qd2 Bg5 15. Ke1 Qe7 16. a3 {Suite illisible et gain Blanc au 50ème coup} 1-0